Разрушение углепластиков высокотемпературной струей плазмы; Известия Томского политехнического университета [Известия ТПУ]; Т. 312, № 2 : Математика и механика. Физика

Bibliographic Details
Parent link:Известия Томского политехнического университета [Известия ТПУ]/ Томский политехнический университет (ТПУ).— , 2000-
Т. 312, № 2 : Математика и механика. Физика.— 2008.— [С. 102-105]
Other Authors: Архипов А. Г., Кузнецов Г. В. Гений Владимирович, Немова Т. Н., Притворов Г. В., Рудзинский В. П.
Summary:Заглавие с титульного листа
Электронная версия печатной публикации
Приведены методика и результаты экспериментального исследования процессов тепломассопереноса в углепластике на основе фенольноформальдегидной смолы при воздействии на него высокотемпературной струи азотной плазмы. Сделаны выводы о термомеханическом режиме разрушения углепластика, сопровождаемом образованием мелкодисперсных частиц вследствие механического разрушения углеродной основы. Результаты позволяют оценить масштаб радиационного внутрипористого теплообмена в прококсованном углепластике при температурах свыше 1500 К и интенсивном механическом уносе обугленного слоя материала при температурах более 2300 К.
Language:Russian
Published: 2008
Series:Математика и механика. Физика
Subjects:
Online Access:http://www.lib.tpu.ru/fulltext/v/Bulletin_TPU/2008/v312/i2/22.pdf
Format: Electronic Book Chapter
KOHA link:https://koha.lib.tpu.ru/cgi-bin/koha/opac-detail.pl?biblionumber=172941

MARC

LEADER 00000nla2a2200000 4500
001 172941
005 20240118115754.0
035 |a (RuTPU)RU\TPU\book\187597 
035 |a RU\TPU\book\187596 
090 |a 172941 
100 |a 20091216d2008 k y0rusy50 ca 
101 0 |a rus 
102 |a RU 
135 |a drnn ---uucaa 
181 0 |a i  
182 0 |a b 
200 1 |a Разрушение углепластиков высокотемпературной струей плазмы  |f А. Г. Архипов [и др.] 
203 |a Текст  |c электронный 
215 |a 1 файл (421 Кб) 
225 1 |a Математика и механика. Физика 
300 |a Заглавие с титульного листа 
300 |a Электронная версия печатной публикации 
320 |a [Библиогр.: с. 105 (7 назв.)] 
330 |a Приведены методика и результаты экспериментального исследования процессов тепломассопереноса в углепластике на основе фенольноформальдегидной смолы при воздействии на него высокотемпературной струи азотной плазмы. Сделаны выводы о термомеханическом режиме разрушения углепластика, сопровождаемом образованием мелкодисперсных частиц вследствие механического разрушения углеродной основы. Результаты позволяют оценить масштаб радиационного внутрипористого теплообмена в прококсованном углепластике при температурах свыше 1500 К и интенсивном механическом уносе обугленного слоя материала при температурах более 2300 К. 
337 |a Adobe Reader 
461 1 |0 (RuTPU)RU\TPU\book\176237  |t Известия Томского политехнического университета [Известия ТПУ]  |f Томский политехнический университет (ТПУ)  |d 2000- 
463 1 |0 (RuTPU)RU\TPU\book\187531  |t Т. 312, № 2 : Математика и механика. Физика  |v [С. 102-105]  |d 2008  |p 162 с. 
610 1 |a углепластики 
610 1 |a высокотемпературная струя 
610 1 |a экспериментальные исследования 
610 1 |a тепломассоперенос 
610 1 |a фенольноформальдегидная смола 
610 1 |a азотная плазма 
610 1 |a термомеханические режимы 
610 1 |a мелкодисперсные частицы 
610 1 |a механические разрушения 
610 1 |a теплообмен 
610 1 |a температура 
610 1 |a материалы 
610 1 |a труды учёных ТПУ 
610 1 |a электронный ресурс 
701 1 |a Архипов  |b А. Г. 
701 1 |a Кузнецов  |b Г. В.  |c специалист в области теплоэнергетики  |c профессор Томского политехнического университета, доктор физико-математических наук  |f 1949-  |g Гений Владимирович  |3 (RuTPU)RU\TPU\pers\25528  |9 11458 
701 1 |a Немова  |b Т. Н. 
701 1 |a Притворов  |b Г. В. 
701 1 |a Рудзинский  |b В. П. 
801 1 |a RU  |b 63413507  |c 20090623  |g PSBO 
801 2 |a RU  |b 63413507  |c 20211118  |g PSBO 
856 4 |u http://www.lib.tpu.ru/fulltext/v/Bulletin_TPU/2008/v312/i2/22.pdf 
942 |c CF